书目信息 |
| 题名: |
化工原理例题与习题
|
|
| 作者: | 姚玉英 主编 | |
| 分册: | ||
| 出版信息: | 北京 化学工业出版社 1998.05 |
|
| 页数: | 501页 | |
| 开本: | 20cm | |
| 丛书名: | ||
| 单 册: | ||
| 中图分类: | TQ02-44 | |
| 科图分类: | ||
| 主题词: | 化工过程:物理过程 , 化工过程:物理化学过程 , 化工过程 | |
| 电子资源: | ||
| ISBN: | 7-5025-2032-5 | |
| 000 | 00657nam0 2200229 45 | |
| 001 | 0237676474 | |
| 005 | 2002041510275608 | |
| 010 | @a7-5025-2032-5@dRMB 25.00 | |
| 100 | @a20020415d1998 km y0chiy0120 ea | |
| 101 | 0 | @achi |
| 102 | @aCN@b110000 | |
| 200 | 1 | @a化工原理例题与习题@AHua Gong Yuan Li Li Ti Yu Xi Ti@f姚玉英主编@FYao Yu Ying Zhu Bian |
| 205 | @a3版 | |
| 210 | @a北京@c化学工业出版社@d1998.05 | |
| 215 | @a501页@d20cm | |
| 606 | 0 | @a化工过程:物理过程 |
| 606 | 0 | @a化工过程:物理化学过程 |
| 606 | 0 | @a化工过程 |
| 690 | @aTQ02-44@v3 | |
| 701 | 0 | @a姚玉英@AYao Yu Ying@4主编 |
| 801 | 0 | @aCN@bPFT@c20020415 |
| 905 | @a安徽大学@dTQ02-44@eY379 | |
| 化工原理例题与习题/姚玉英主编.-3版.-北京:化学工业出版社,1998.05 |
| 501页;20cm |
| ISBN 7-5025-2032-5:RMB 25.00 |
| ● |
| 相关链接 |
|
|
|
正题名:化工原理例题与习题
索取号:TQ02-44/Y379
 
预约/预借
| 序号 | 登录号 | 条形码 | 馆藏地/架位号 | 状态 | 备注 |
| 1 | 353717 | 203537173 | 自科库501/501自科库 137排8列2层/ [索取号:TQ02-44/Y379] | 在馆 | |
| 2 | 353718 | 203537182 | 自科库501/501自科库 137排8列2层/ [索取号:TQ02-44/Y379] | 在馆 |